| 000 | 00598cam7a220021700 4500 | ||
|---|---|---|---|
| 001 | zam00002960 | ||
| 008 | 951128s1956 xx eng u | ||
| 035 | _a(Sirsi) r20296 | ||
| 035 | _a(MACHINE)SLC. | ||
| 100 |
_aWeller, R. _6A81602.1 |
||
| 245 | 1 | 0 | _aTheory of literature. |
| 260 | _c1956. | ||
| 949 |
_aPN45 _wlcc _mMAIN _p2500 _tSHORTLOAN _lSHORTLOAN |
||
| 004 | 20296 | ||
| 591 | _aClass code: E 269. | ||
| 591 | _aCourse: Introduction to literary criticism. | ||
| 591 | _aSchool: S05. | ||
| 591 | _aLecturer: Mr. MULENGELA, B. L. | ||
| 591 | _aNumber of Students: 20. | ||
| 909 | _aBook | ||
| 999 |
_c8456 _d8456 |
||